[Event "Olimpiade 2016 - Donne"]
[Site "Baku"]
[Date "03.09.2016"]
[Round "2.14"]
[Board "3"]
[White "Tin, Ruiqi"]
[Black "Hakimifard, Ghazal"]
[Result "0-1"]
[BlackTitle "WIM"]
[WhiteElo "1892"]
[BlackElo "2308"]
[WhiteTeam "Singapore"]
[BlackTeam "Iran"]
[WhiteFideId "5806453"]
[BlackFideId "12506540"]
[EventDate "2016.09.02"]

1. e4 c5 2. Nf3 e6 3. c3 d5 4. exd5 exd5 5. d4 Nc6 6. Bb5 Bd6 7. O-O Ne7 8. dxc5
Bxc5 9. Nbd2 O-O 10. Nb3 Bd6 11. h3 Bf5 12. Be3 Bg6 13. Qd2 Qc7 14. Rad1 Rad8
15. Nbd4 Na5 16. b3 Nac6 17. Bd3 a6 18. Bxg6 Nxg6 19. Nf5 Nce5 20. N3d4 Rfe8 21.
Nxd6 Qxd6 22. Rfe1 f6 23. f4 Nc6 24. f5 Nf8 25. Bf4 Qd7 26. g4 Ne5 27. Kg2 b5
28. Re2 Qb7 29. Rde1 Nfd7 30. Kg3 Nc5 31. Kg2 Ne4 32. Qe3 Rc8 33. Rc2 Re7 34.
Kh2 Rec7 35. Rec1 Qb6 36. Kg2 Qa5 37. b4 Qb6 38. Kh2 Nc4 39. Qd3 Re7 40. Re2 Rd7
41. Ne6 Qb7 42. Rd1 Nb6 43. Rc2 Na4 44. Rdc1 Rc4 45. Be3 Qb8+ 46. Bf4 Qc8 47.
Bd2 Qc6 48. Be1 Re7 49. Nd4 Qd6+ 50. Kg2 Rec7 51. Ne2 Qe5 52. Bg3 Nxg3 53. Qxg3
Qe4+ 54. Qf3 Kf7 55. Kf2 g6 56. fxg6+ hxg6 57. Qxe4 dxe4 58. Ke3 Rc8 59. a3 f5
60. gxf5 gxf5 61. Kf4 Kf6 62. Rd1 Nxc3 63. Nxc3 Rxc3 64. Rxc3 Rxc3 65. Rd6+ Ke7
66. Rxa6 Rf3+ 67. Ke5 Kf7 68. Kd4 Rd3+ 69. Ke5 e3 70. Kxf5 Rd5+ 71. Ke4 e2 72.
Kxd5 e1=Q 73. Kc5 Qe5+ 74. Kb6 Ke6 75. Ra5 Qb8+ 76. Kc5 Ke5 77. Kc6 Qe8+ 78. Kc5
Qb8 79. Kc6 Qe8+ 80. Kc5 Qd7 81. Kb6 Kd4 82. Rxb5 Qd8+ 83. Kb7 Qd7+ 84. Kb6 Qd6+
85. Kb7 Kc4 86. Ra5 Qd7+ 87. Kb6 Kb3 88. h4 Qd6+ 89. Kb7 Qe7+ 90. Kb6 Qxh4 91.
Kc6 Qf6+ 92. Kc7 Qe7+ 93. Kc6 Qe6+ 94. Kc7 Qc4+ 95. Kb6 Qc8 96. Ka7 Qc7+ 97. Ka8
Qb6 98. Ra7 Kc4 99. Ra5 Kd4 100. Ra7 Kd5 101. Rd7+ Kc6 102. Rh7 Qa6+ 103. Kb8
Qxa3 104. Rh6+ Kb5 105. Kb7 Kxb4 106. Rh4+ Kc5 107. Rh5+ Kd6 108. Rh6+ Ke5 109.
Rh5+ Kf4 110. Rb5 Qd6 111. Ra5 Ke4 112. Ra4+ Kd5 113. Ra5+ Kc4 114. Ra6 Qd7+
115. Kb6 Kb4 116. Ra7 Qd6+ 117. Kb7 Kb5 118. Kc8 Qf8+ 119. Kb7 Qd8 120. Ra1 Qe7+
121. Kc8 Qe8+ 122. Kb7 Qe4+ 123. Kc8 Qc4+ 124. Kb7 Qf7+ 125. Kc8 Qg8+ 0-1

[Event "Olimpiade 2016 - Donne"]
[Site "Baku"]
[Date "04.09.2016"]
[Round "3.23"]
[Board "4"]
[White "Allahverdiyeva, Ayan"]
[Black "Zairbek kyzy, Begimay"]
[Result "1-0"]
[WhiteTitle "WCM"]
[WhiteElo "1780"]
[BlackElo "1836"]
[WhiteTeam "Azerbaijan 3"]
[BlackTeam "Kyrgyzstan"]
[WhiteFideId "13412590"]
[BlackFideId "13803603"]
[EventDate "2016.09.02"]

1. e4 c6 2. d4 d5 3. e5 c5 4. dxc5 Nc6 5. Bb5 e6 6. Be3 Ne7 7. b4 Bd7 8. c3 Nxe5
9. Bxd7+ Qxd7 10. Nf3 Nc4 11. O-O Nf5 12. Bf4 Be7 13. Nbd2 b5 14. Nxc4 bxc4 15.
Ne5 Qc8 16. Qa4+ Kf8 17. Nd7+ Kg8 18. Rfe1 h5 19. Re5 Bd8 20. Rae1 Bc7 21. Rxe6
Kh7 22. Bxc7 fxe6 23. Qc6 Rd8 24. Ne5 Ne7 25. Qxa8 Qxa8 26. Bxd8 Qxd8 27. Nf7
Qe8 28. Ng5+ Kh6 29. h4 Qf8 30. Rxe6+ Ng6 31. c6 Qf4 32. g3 Qc7 33. f4 Qc8 34.
f5 Qxe6 35. Nxe6 Ne7 36. c7 Kh7 37. Nf4 Kg8 38. Nxd5 Nc8 39. Kf2 Kf8 40. Ke3 Ke8
41. f6 gxf6 42. Nxf6+ 1-0

[Event "Olimpiade 2016 - Donne"]
[Site "Baku"]
[Date "05.09.2016"]
[Round "4.12"]
[Board "1"]
[White "Aseel, Odeh"]
[Black "Ziaziulkina, Nastassia"]
[Result "0-1"]
[WhiteTitle "CM"]
[BlackTitle "IM"]
[WhiteElo "1547"]
[BlackElo "2382"]
[WhiteTeam "Jordan"]
[BlackTeam "Belarus"]
[WhiteFideId "8105529"]
[BlackFideId "13505211"]
[EventDate "2016.09.02"]

1. e4 c5 2. Nf3 d6 3. Bb5+ Nd7 4. O-O Nf6 5. d3 e6 6. Bg5 Be7 7. Nc3 O-O 8. Bxd7
Bxd7 9. e5 dxe5 10. Nxe5 h6 11. Bd2 Be8 12. Qf3 Bd6 13. Ng4 Nxg4 14. Qxg4 Qc7
15. h3 Bc6 16. Rfe1 Rae8 17. Re2 a6 18. a4 f5 19. Qc4 Qf7 20. Rae1 Qg6 21. f4
Kh7 22. Rf2 e5 23. Nd5 b5 24. axb5 axb5 25. Qb3 exf4 26. Rxe8 Rxe8 27. Kf1 Qh5
28. Nc3 f3 29. gxf3 Qxh3+ 30. Kg1 Bg3 31. Nd1 Bxf2+ 32. Nxf2 Qxf3 33. Ne4 fxe4
34. dxe4 Qd1+ 35. Kf2 Qxd2+ 36. Kf3 Bxe4+ 37. Kg3 Qg2+ 38. Kh4 g5+ 39. Kh5 Bg6# 0-1

[Event "Olimpiade 2016 - Donne"]
[Site "Baku"]
[Date "05.09.2016"]
[Round "4.43"]
[Board "2"]
[White "Barria Baker, Raisa Melissa"]
[Black "Granados Diaz, Maria Esther"]
[Result "1-0"]
[WhiteTitle "WCM"]
[BlackTitle "WIM"]
[WhiteElo "1961"]
[BlackElo "1831"]
[WhiteTeam "Panama"]
[BlackTeam "Nicaragua"]
[WhiteFideId "6600336"]
[BlackFideId "6101488"]
[EventDate "2016.09.02"]

1. d4 Nf6 2. c4 e5 3. dxe5 Ng4 4. Bf4 Bb4+ 5. Nd2 Qe7 6. Nf3 Nc6 7. e3 Ngxe5 8.
Nxe5 Nxe5 9. Be2 a5 10. a3 Bc5 11. Nb3 Bb6 12. O-O a4 13. Nd4 d6 14. Rc1 O-O 15.
Nb5 Bd7 16. Nc3 Ba5 17. c5 Bc6 18. Qd4 Rfd8 19. cxd6 cxd6 20. Rfd1 Qe6 21. Bg3
Ng6 22. Bc4 Qf5 23. Bd5 Ne7 24. e4 Qh5 25. Bc4 Qg4 26. Nd5 Bxd5 27. Bxd5 Nxd5
28. Qxd5 Qe2 29. Qxb7 Rab8 30. Qd5 Rb5 31. Qc4 Qxb2 32. Qxa4 Bd2 33. Rc2 Qb1 34.
Rxd2 1-0

[Event "Olimpiade 2016 - Donne"]
[Site "Baku"]
[Date "06.09.2016"]
[Round "5.5"]
[Board "2"]
[White "Padmini, Rout"]
[Black "Hoang, Thi Bao Tram"]
[Result "1-0"]
[WhiteTitle "IM"]
[BlackTitle "WGM"]
[WhiteElo "2408"]
[BlackElo "2325"]
[WhiteTeam "India"]
[BlackTeam "Vietnam"]
[WhiteFideId "5029295"]
[BlackFideId "12401102"]
[EventDate "2016.09.02"]

1. e4 c6 2. d4 d5 3. e5 c5 4. Nf3 Bg4 5. c4 e6 6. cxd5 exd5 7. Be2 Nc6 8. Nbd2
cxd4 9. O-O Nge7 10. h3 Bxf3 11. Nxf3 Ng6 12. Bd3 Be7 13. Re1 O-O 14. a3 a5 15.
Bxg6 hxg6 16. Nxd4 Bc5 17. Nf3 Qb6 18. Re2 Rfe8 19. Qd3 Nd4 20. Nxd4 Bxd4 21.
Be3 Bxe3 22. Qxe3 d4 23. Qd3 Qc5 24. f4 g5 25. g3 Re6 26. Rd1 Rd8 27. Kh2 Qe7
28. Qe4 Qc5 29. Red2 gxf4 30. gxf4 Rb6 31. b4 axb4 32. Rxd4 Rxd4 33. Rxd4 Qc7
34. axb4 Rc6 35. Rd2 Rc4 36. Qf5 Qb6 37. Qg5 Rc8 38. Rg2 g6 39. f5 Rc6 40. Rd2
Rc8 41. Rg2 Rc6 42. Qe7 Rc7 43. Qd8+ Kh7 44. f6 Rc6 45. Qe7 Qc7 46. Qxc7 Rxc7
47. Rf2 Rc6 48. Kg3 g5 49. b5 Rc8 50. Kf3 Kg6 51. Ke4 Rh8 52. Rf3 Rh4+ 53. Kd5
Rb4 54. Kc5 Re4 55. Kd5 Rb4 56. e6 Rxb5+ 57. Kc4 Re5 58. e7 Re6 59. Kd4 Rd6+ 60.
Ke3 Re6+ 61. Kd2 1-0

[Event "Olimpiade 2016 - Donne"]
[Site "Baku"]
[Date "06.09.2016"]
[Round "5.8"]
[Board "4"]
[White "Vidic, Teja"]
[Black "Markantonaki, Haritomeni"]
[Result "1-0"]
[WhiteTitle "WFM"]
[BlackTitle "WFM"]
[WhiteElo "2121"]
[BlackElo "2188"]
[WhiteTeam "Slovenia"]
[BlackTeam "Greece"]
[WhiteFideId "14605511"]
[BlackFideId "4207050"]
[EventDate "2016.09.02"]

1. e4 c5 2. Nf3 e6 3. b3 d6 4. Bb2 e5 5. Bb5+ Nd7 6. O-O Nf6 7. Re1 a6 8. Bf1
Be7 9. c3 O-O 10. d4 Qc7 11. dxe5 Nxe5 12. c4 Be6 13. Nc3 Rab8 14. h3 h6 15. Nd5
Bxd5 16. exd5 Nfd7 17. Nxe5 dxe5 18. f4 Bd6 19. fxe5 Nxe5 20. Qh5 Rfe8 21. Re3
Ng6 22. Rae1 Bh2+ 23. Kh1 Rxe3 24. Rxe3 Bf4 25. Re4 b5 26. Qf5 Bd6 27. h4 Bf8
28. h5 Ne7 29. Qe5 Qxe5 30. Rxe5 Rb6 31. g4 Nc8 32. Bc1 Rf6 33. Kg2 bxc4 34.
Bxc4 a5 35. Re8 Nd6 36. Ra8 Ne4 37. Be3 g6 38. Bxh6 gxh5 39. Bxf8 Rf2+ 40. Kg1
Rxa2 41. Bxc5+ Kg7 42. Bf8+ Kf6 43. gxh5 Nd2 44. h6 Nf3+ 45. Kf1 1-0

[Event "Olimpiade 2016 - Donne"]
[Site "Baku"]
[Date "06.09.2016"]
[Round "5.14"]
[Board "3"]
[White "Aliaga Fernandez, Ingrid Y"]
[Black "Khotenashvili, Bela"]
[Result "0-1"]
[WhiteTitle "WFM"]
[BlackTitle "GM"]
[WhiteElo "2096"]
[BlackElo "2463"]
[WhiteTeam "Peru"]
[BlackTeam "Georgia"]
[WhiteFideId "3802191"]
[BlackFideId "13602640"]
[EventDate "2016.09.02"]

1. e4 e5 2. Nf3 Nc6 3. d4 exd4 4. Nxd4 Bc5 5. Nb3 Bb6 6. Nc3 Nf6 7. Bg5 h6 8.
Bh4 d6 9. Qe2 O-O 10. O-O-O Be6 11. Kb1 Re8 12. f3 a5 13. a4 Qe7 14. Bf2 Bxf2
15. Qxf2 Bxb3 16. cxb3 Nb4 17. Bc4 Nd7 18. h4 Ne5 19. Rhe1 c6 20. Re2 Nxc4 21.
bxc4 Qe6 22. b3 Qf6 23. Na2 Na6 24. Red2 Re6 25. h5 Qe5 26. g4 Nc5 27. Kc2 Rf6
28. Nc3 Ra6 29. Rf1 Rb6 30. f4 Qe7 31. Rb1 Re6 32. Re2 Rb4 33. e5 dxe5 34. f5
Rd6 35. Qxc5 Rd2+ 36. Rxd2 Qxc5 37. f6 gxf6 38. Ne4 Qe3 39. Nxf6+ Kg7 40. Ne8+
Kf8 41. Nd6 Kg8 42. Nf5 Qe4+ 43. Rd3 Kh7 44. Ne3 b5 45. axb5 a4 46. bxc6 Rxb3
47. Rd1 Rxd3 48. Rxd3 Qxc6 49. Ra3 Qc5 50. Rc3 e4 51. Nd1 Qb4 52. c5 a3 53. c6
a2 54. c7 a1=Q 55. c8=Q Qa2+ 0-1

[Event "Olimpiade 2016 - Donne"]
[Site "Baku"]
[Date "06.09.2016"]
[Round "5.16"]
[Board "1"]
[White "Ptacnikova, Lenka"]
[Black "Real Pereyra, Diana Carime"]
[Result "1-0"]
[WhiteTitle "WGM"]
[BlackTitle "WIM"]
[WhiteElo "2159"]
[BlackElo "2136"]
[WhiteTeam "Iceland"]
[BlackTeam "Mexico"]
[WhiteFideId "305650"]
[BlackFideId "5104106"]
[EventDate "2016.09.02"]

1. e4 c5 2. Nf3 d6 3. d4 cxd4 4. Nxd4 Nf6 5. Nc3 Nc6 6. Bg5 Bd7 7. Qd2 Rc8 8. f4
h6 9. Bxf6 gxf6 10. Nf5 Qa5 11. Bd3 Nb4 12. a3 Nxd3+ 13. Qxd3 Qc5 14. O-O-O Qc4
15. Qe3 Qc5 16. Qd3 Qc4 17. Qf3 Rc5 18. Rd4 Qa6 19. Rhd1 Qc6 20. Qe2 Kd8 21. Nd5
Qc8 22. Ndxe7 Bxe7 23. Nxd6 Bxd6 24. Rxd6 Rc7 25. e5 Re8 26. Qh5 fxe5 27. Qh4+
Re7 28. Kb1 Rc6 29. fxe5 Ke8 30. Qxh6 Re6 31. Qh8+ Ke7 32. Qh4+ Ke8 33. Rxd7
Qxd7 34. Rxd7 Kxd7 35. Qd4+ Kc7 36. Qf4 Kb6 37. h4 Rc5 38. Qxf7 Rexe5 39. Qf6+
Kc7 40. Qf4 Kc6 41. g4 Re1+ 42. Ka2 a5 43. Qf3+ Kb6 44. Qf2 Re4 45. g5 Rc4 46.
c3 Kb5 47. g6 Rc7 48. h5 R4c6 49. h6 1-0

[Event "Olimpiade 2016 - Donne"]
[Site "Baku"]
[Date "06.09.2016"]
[Round "5.21"]
[Board "3"]
[White "Fernandez, Maria Florencia"]
[Black "Raeva, Elitsa"]
[Result "0-1"]
[WhiteTitle "WIM"]
[BlackTitle "WIM"]
[WhiteElo "2189"]
[BlackElo "2232"]
[WhiteTeam "Argentina"]
[BlackTeam "Bulgaria"]
[WhiteFideId "116459"]
[BlackFideId "2906660"]
[EventDate "2016.09.02"]

1. d4 Nf6 2. c4 e6 3. Nc3 Bb4 4. f3 c5 5. d5 O-O 6. e4 d6 7. Bd3 b5 8. Ne2 exd5
9. cxd5 c4 10. Bc2 Ba5 11. O-O Bb6+ 12. Kh1 a6 13. a3 Nbd7 14. Bg5 h6 15. Bh4
Ne5 16. Nd4 Bd7 17. Bf2 Re8 18. h3 Nh5 19. Qd2 Qg5 20. Qxg5 hxg5 21. Nce2 Nd3
22. Rab1 Nxf2+ 23. Rxf2 g6 24. Rd1 Kg7 25. Kh2 Rac8 26. Rff1 Nf4 27. Nc3 Rh8 28.
Nce2 Rh4 29. Nxf4 gxf4 30. Rh1 Kf6 31. g4 fxg3+ 32. Kxg3 Rch8 33. b3 cxb3 34.
Bxb3 Rxh3+ 35. Rxh3 Rxh3+ 36. Kg2 Rh8 37. Nc6 Bc5 38. a4 Rc8 39. axb5 axb5 40.
Rh1 Kg7 41. Ra1 Bxc6 42. dxc6 Rxc6 43. Ra8 Rc7 44. Rb8 b4 45. Kg3 Re7 46. Bd5
Kf6 47. Kf4 Ra7 48. Rf8 g5+ 49. Kg4 Be3 50. Rb8 Bd2 51. Rf8 Rc7 52. Re8 Rc1 53.
Rf8 Rg1+ 54. Kh3 Bf4 55. Rxf7+ Ke5 56. Rb7 Rb1 57. Kg4 Rh1 58. Re7+ Kd4 59. Rb7
Bd2 60. Rb6 Ke5 61. Rb7 Rg1+ 62. Kh3 Kf4 63. Rf7+ Ke3 64. Rf6 Kf2 65. Rxd6 Bf4
66. e5 Rg3+ 67. Kh2 Rg4+ 0-1

[Event "Olimpiade 2016 - Donne"]
[Site "Baku"]
[Date "06.09.2016"]
[Round "5.32"]
[Board "2"]
[White "Roy, Ali"]
[Black "Roberts, Lynda"]
[Result "1/2-1/2"]
[BlackTitle "WCM"]
[WhiteElo "1894"]
[BlackElo "1888"]
[WhiteTeam "Scotland"]
[BlackTeam "Wales"]
[WhiteFideId "2400456"]
[BlackFideId "1800191"]
[EventDate "2016.09.02"]

1. Nf3 f5 2. c4 Nf6 3. g3 g6 4. Bg2 Bg7 5. O-O d6 6. d4 O-O 7. Nc3 c6 8. d5 e5
9. dxe6 Bxe6 10. b3 Na6 11. Bb2 Qc7 12. Nd4 Bf7 13. Qd2 Rad8 14. Rac1 Rfe8 15.
Rfd1 Nc5 16. Qc2 Nce4 17. b4 Bh6 18. Nxe4 Nxe4 19. Rb1 Bg7 20. Qd3 a6 21. a4 c5
22. Nc2 Bxb2 23. Rxb2 cxb4 24. Nxb4 Qxc4 25. Nd5 Bxd5 26. Qxd5+ Qxd5 27. Rxd5
Nc3 28. Rdd2 b5 29. axb5 axb5 30. Rd3 Na4 31. Rxb5 Rxe2 32. Rbd5 Re1+ 33. Bf1
Rb8 34. Rd1 Rxd1 35. Rxd1 Rb6 36. Bc4+ Kg7 37. Re1 Nc5 1/2-1/2

[Event "Olimpiade 2016 - Donne"]
[Site "Baku"]
[Date "06.09.2016"]
[Round "5.33"]
[Board "3"]
[White "Narva, Triin"]
[Black "Biryukov, Alice"]
[Result "1-0"]
[WhiteTitle "WCM"]
[WhiteElo "2023"]
[BlackElo "1898"]
[WhiteTeam "Estonia"]
[BlackTeam "Luxembourg"]
[WhiteFideId "4502680"]
[BlackFideId "4002440"]
[EventDate "2016.09.02"]

1. e4 e5 2. Nc3 Nf6 3. g3 c6 4. d4 Bb4 5. Bg2 Qa5 6. Ne2 d5 7. O-O dxe4 8. dxe5
Qxe5 9. Bf4 Qe7 10. a3 Bc5 11. b4 Bb6 12. Bd6 Qe6 13. Nf4 Qc4 14. Nxe4 Nxe4 15.
Bxe4 Be6 16. Nxe6 fxe6 17. Qh5+ Kd8 18. Qf7 Nd7 19. Rad1 Kc8 20. Bf5 Qe2 21. Bc5
Nxc5 22. bxc5 exf5 23. Rfe1 1-0

[Event "Olimpiade 2016 - Donne"]
[Site "Baku"]
[Date "06.09.2016"]
[Round "5.42"]
[Board "2"]
[White "Puuska, Heini"]
[Black "Morozova, Iuliia"]
[Result "1/2-1/2"]
[WhiteTitle "WFM"]
[BlackTitle "WFM"]
[WhiteElo "1926"]
[BlackElo "2025"]
[WhiteTeam "Finland"]
[BlackTeam "Belgium"]
[WhiteFideId "502324"]
[BlackFideId "14104946"]
[EventDate "2016.09.02"]

1. d4 d5 2. c4 e6 3. Nc3 f5 4. Bf4 Nf6 5. e3 c6 6. h3 Nbd7 7. Bd3 dxc4 8. Bxc4
Nb6 9. Bb3 Nbd5 10. Be5 Bb4 11. Ne2 O-O 12. O-O Bd7 13. Rc1 Be8 14. Nxd5 exd5
15. Nf4 Qe7 16. Qc2 Bg6 17. Qb1 Bd6 18. Bxd6 Qxd6 19. Bc2 Ne4 20. Bxe4 fxe4 21.
b4 Rf6 22. b5 Raf8 23. Qb3 Be8 24. bxc6 bxc6 25. Qb7 g5 26. Ne2 Bh5 27. Ng3 Be8
28. Qxa7 h5 29. Qc5 Qd7 30. Rb1 h4 31. Nxe4 dxe4 32. Qxg5+ Qg7 33. Qxh4 Bd7 34.
Qg3 Rg6 35. Qh2 Qf7 36. Rb8 Qxa2 37. Rxf8+ Kxf8 38. Qf4+ Qf7 39. Qxf7+ Kxf7 40.
Kh2 Be6 41. f3 Bc4 42. Rf2 1/2-1/2

[Event "Olimpiade 2016 - Donne"]
[Site "Baku"]
[Date "06.09.2016"]
[Round "5.45"]
[Board "4"]
[White "Lohani, Sujana"]
[Black "Ui Laighleis, Gearoidin"]
[Result "0-1"]
[BlackTitle "WCM"]
[WhiteElo "1488"]
[BlackElo "1795"]
[WhiteTeam "Nepal"]
[BlackTeam "Ireland"]
[WhiteFideId "12311987"]
[BlackFideId "2501171"]
[EventDate "2016.09.02"]

1. d4 d5 2. Nf3 e6 3. c4 Nf6 4. g3 Be7 5. Bg2 O-O 6. O-O Nbd7 7. Qc2 c6 8. Nbd2
Re8 9. Rd1 Qc7 10. e4 Nf8 11. a3 Ng6 12. e5 Nd7 13. h4 Qd8 14. h5 Ngf8 15. Nh2
b6 16. Ng4 Bb7 17. h6 g6 18. cxd5 exd5 19. f4 Ne6 20. Nf3 c5 21. f5 Nxd4 22.
Nxd4 cxd4 23. Kh2 Bg5 24. fxg6 fxg6 25. Rxd4 Nxe5 26. Nxe5 Rxe5 27. Bxg5 Qxg5
28. Qc7 Qxh6+ 29. Rh4 Qg7 30. Qd6 Rae8 31. Rc1 Qe7 32. Qxe7 R8xe7 33. Rd1 Kg7
34. Rhd4 Re2 35. R1d2 Rxd2 36. Rxd2 Re5 37. Kh3 Rh5+ 38. Kg4 Bc8+ 39. Kf4 Be6
40. g4 Rh2 41. Kg3 Rh6 42. Bxd5 g5 43. Be4 Rf6 44. Rh2 h6 45. Rc2 Rf7 46. Rc6
Re7 47. Bc2 Kf6 48. Rc3 Bf7 49. Kf2 Rd7 50. Ke3 Kg7 51. Bf5 Re7+ 52. Kd4 Bg6 53.
Bc8 h5 54. gxh5 Bxh5 55. Kd5 Rf7 56. Kd6 Rf6+ 57. Kc7 Bf3 58. Kb8 a5 59. Rc7+
Kf8 60. Ka7 b5 61. Rc5 g4 62. Bxg4 Bxg4 63. Rxb5 a4 64. Rb4 Bd1 65. Rb8+ Kf7 66.
Rb7+ Kg6 67. Rb6 Kf5 68. Rxf6+ Kxf6 69. Kb6 Ke5 70. Kc5 Ke4 71. Kc4 Bb3+ 72. Kc3
Ke3 73. Kb4 Kd2 74. Kb5 Kc2 75. Ka5 Kxb2 76. Kb4 Bd1 77. Kc4 Kxa3 78. Kc3 Ka2
79. Kd2 Bb3 80. Kc3 a3 81. Kb4 Kb2 0-1

[Event "Olimpiade 2016 - Donne"]
[Site "Baku"]
[Date "06.09.2016"]
[Round "5.53"]
[Board "3"]
[White "Moraga, Maria"]
[Black "February, Jesse Nikki"]
[Result "1-0"]
[BlackTitle "WIM"]
[WhiteElo "1732"]
[BlackElo "1922"]
[WhiteTeam "Nicaragua"]
[BlackTeam "South Africa"]
[WhiteFideId "6102115"]
[BlackFideId "14312336"]
[EventDate "2016.09.02"]

1. e4 e6 2. d4 d5 3. e5 c5 4. Nf3 cxd4 5. Qxd4 Nc6 6. Bb5 Qa5+ 7. Nc3 Bb4 8. Bd2
Ne7 9. Qg4 Nf5 10. Nd4 Nxd4 11. Qxd4 Bd7 12. Bxc6 bxc6 13. O-O O-O 14. Qg4 Kh8
15. Rfe1 Be7 16. Re3 Qc7 17. Rae1 f6 18. Rg3 Rf7 19. Bf4 Qb7 20. Rh3 Raf8 21.
Qg6 h6 22. Bxh6 Kg8 23. Bf4 1-0

[Event "Olimpiade 2016 - Donne"]
[Site "Baku"]
[Date "06.09.2016"]
[Round "5.55"]
[Board "2"]
[White "Kannappan, Sigappi"]
[Black "Lomandong, Noela-Joyce"]
[Result "1/2-1/2"]
[BlackTitle "WFM"]
[WhiteElo "1864"]
[BlackElo "1763"]
[WhiteTeam "Hong Kong"]
[BlackTeam "Monaco"]
[WhiteFideId "6000711"]
[BlackFideId "5400384"]
[EventDate "2016.09.02"]

1. e4 g6 2. d4 c6 3. Nc3 Bg7 4. Be3 Qb6 5. Bc4 Qb4 6. Bb3 Nf6 7. f3 d5 8. exd5
Nxd5 9. Bxd5 cxd5 10. Ne2 e6 11. O-O Nc6 12. Rb1 O-O 13. a3 Qe7 14. Bf4 Rd8 15.
Re1 f6 16. Qd2 e5 17. Bg3 Qf8 18. Bf2 Bh6 19. Be3 Bxe3+ 20. Qxe3 Bf5 21. Rbc1
Rac8 22. Red1 Qf7 23. g4 Be6 24. Re1 Re8 25. Qf2 Qg7 26. Rcd1 Qf7 27. Qg3 Kh8
28. b4 Qg7 29. dxe5 Nxe5 30. Nxd5 Bxd5 31. Rxd5 Rxc2 32. Nd4 Rcc8 33. Rd1 Qc7
34. Nb5 Qb6+ 35. Qf2 Nxf3+ 36. Kf1 Qxf2+ 37. Kxf2 Ne5 38. Kg3 a6 39. Nd6 Rc3+
40. Kf4 Re7 41. g5 fxg5+ 42. Kxg5 Kg7 43. Kf4 Nc6 44. R1d3 Rxd3 45. Rxd3 1/2-1/2

[Event "Olimpiade 2016 - Donne"]
[Site "Baku"]
[Date "06.09.2016"]
[Round "5.55"]
[Board "4"]
[White "Lee, Lok Yi"]
[Black "Rubsamen, Anais"]
[Result "0-1"]
[WhiteElo "1497"]
[BlackElo "1611"]
[WhiteTeam "Hong Kong"]
[BlackTeam "Monaco"]
[WhiteFideId "6002897"]
[BlackFideId "26091305"]
[EventDate "2016.09.02"]

1. b4 e5 2. Bb2 Bxb4 3. Bxe5 Nf6 4. e3 Nc6 5. Bb2 O-O 6. Nf3 Re8 7. Bb5 a6 8.
Ba4 b5 9. Bb3 h6 10. Nc3 Bb7 11. Nd5 Nxd5 12. Bxd5 Rb8 13. O-O Qe7 14. a4 Qd6
15. Bb3 Na5 16. c3 Nxb3 17. Qxb3 Bxf3 18. gxf3 Qg6+ 19. Kh1 Bd6 20. Rg1 Qh5 21.
Rg2 Qxf3 22. d4 bxa4 23. Qc2 Re4 24. Ba3 Rg4 25. Rg1 Rxg2 26. Rxg2 Bxa3 27. Qxa4
Rb1+ 0-1

[Event "Olimpiade 2016 - Donne"]
[Site "Baku"]
[Date "06.09.2016"]
[Round "5.65"]
[Board "4"]
[White "Ashley, Christiana Naa Merley"]
[Black "Jambo, Linda"]
[Result "0-1"]
[BlackTitle "WFM"]
[WhiteElo "1390"]
[BlackElo "1561"]
[WhiteTeam "Ghana"]
[BlackTeam "Malawi"]
[WhiteFideId "12600474"]
[BlackFideId "16400054"]
[EventDate "2016.09.02"]

1. e4 e5 2. Nf3 Nc6 3. Bc4 Nf6 4. Nc3 h6 5. d4 exd4 6. Nxd4 Bb4 7. Ne2 Nxe4 8.
Qd5 Nd6 9. Bf4 Nxc4 10. Qe4+ N4e5 11. Bxe5 O-O 12. O-O-O Re8 13. Rd5 d6 14. a3
Bxc3 15. Nxc3 Rxe5 16. Rxe5 Nxe5 17. Re1 c6 18. f4 f5 19. Qe2 Nf7 20. Qe8+ Qxe8
21. Rxe8+ Kh7 22. Re7 Nh8 23. Ne2 Ng6 24. Re8 b5 25. g3 Bb7 26. Re6 Rd8 27. Nd4
Bc8 28. Re1 Bd7 29. h4 c5 30. Nf3 Re8 31. Rd1 Re3 32. Rf1 Bc6 33. Kd2 Rxf3 34.
Rxf3 Bxf3 35. Ke3 Be4 36. c3 Bh1 37. b4 Ne7 38. bxc5 dxc5 39. Kd2 a5 40. Kd3
Be4+ 41. Kd2 Nd5 42. h5 Bf3 43. Kd3 Bxh5 44. c4 Nc7 45. Kc3 b4+ 46. axb4 axb4+
47. Kb3 Be2 48. Ka4 Bxc4 49. Ka5 b3 50. Kb6 Ne6 51. Kc6 b2 52. Kd6 b1=Q 53. Ke5
Qb8+ 0-1

[Event "Olimpiade 2016 - Donne"]
[Site "Baku"]
[Date "08.09.2016"]
[Round "6.8"]
[Board "2"]
[White "Velikic, Adela"]
[Black "Haast, Anne"]
[Result "1/2-1/2"]
[BlackTitle "WGM"]
[WhiteElo "2260"]
[BlackElo "2306"]
[WhiteTeam "Serbia"]
[BlackTeam "Netherlands"]
[WhiteFideId "913553"]
[BlackFideId "1017292"]
[EventDate "2016.09.02"]

1. e4 c5 2. Nf3 e6 3. d4 cxd4 4. Nxd4 a6 5. Nc3 b5 6. Bd3 Qb6 7. Nf3 Qc7 8. O-O
Bb7 9. Qe2 Be7 10. Bd2 Nc6 11. Rfe1 d6 12. a4 b4 13. Na2 Qb6 14. a5 Qc5 15. c3
bxc3 16. Nxc3 Nf6 17. b4 Qh5 18. b5 Nb4 19. bxa6 Bxa6 20. Bxa6 Nxa6 21. e5 Nd7
22. Qb5 Nc5 23. exd6 Bf6 24. Rac1 Rb8 25. Qc4 O-O 26. Ne4 Nb3 27. Rb1 Nxd2 28.
Nfxd2 Rxb1 29. Rxb1 Qxa5 30. g3 Qd5 31. Rb5 Qxc4 32. Nxc4 Rd8 33. Kf1 h6 34. Ke2
Kf8 35. f4 Ke8 36. Kd3 Ra8 37. Rb7 Bd8 38. Ne5 Nxe5+ 39. fxe5 Ra5 40. Kc4 Rxe5
41. Nc3 h5 42. Nb5 Rd5 43. Nc7+ Bxc7 44. dxc7 Kd7 45. c8=Q+ Kxc8 46. Rxf7 Rd7
47. Rf8+ Kc7 48. Re8 Kd6 49. Rh8 g6 50. Rg8 Ke5 51. Rxg6 Kf5 52. Rh6 Ke5 1/2-1/2

[Event "Olimpiade 2016 - Donne"]
[Site "Baku"]
[Date "08.09.2016"]
[Round "6.44"]
[Board "4"]
[White "Al-Fayyadh, Zainab Asif Abdulah"]
[Black "Kremer, Nadine"]
[Result "0-1"]
[WhiteElo "1703"]
[BlackElo "1844"]
[WhiteTeam "Iraq"]
[BlackTeam "Luxembourg"]
[WhiteFideId "4806476"]
[BlackFideId "4002970"]
[EventDate "2016.09.02"]

1. e4 Nf6 2. Nc3 d5 3. exd5 Nxd5 4. Bc4 Nb6 5. Bb3 Nc6 6. Nge2 e5 7. d3 Bg4 8.
Be3 Nd4 9. Bxd4 exd4 10. Ne4 f5 11. f3 Bxf3 12. gxf3 fxe4 13. fxe4 Qh4+ 14. Ng3
Bb4+ 15. Kf2 g6 16. Kg2 O-O-O 17. Be6+ Kb8 18. Qg4 Qe7 19. a3 h5 20. Qd1 Bd6 21.
Bh3 Qg5 22. Kf1 Rdf8+ 0-1